| 000 | 00844nab a2200193 i 4500 | ||
|---|---|---|---|
| 001 | 190400 | ||
| 003 | ES-MaACL | ||
| 005 | 20231227133059.0 | ||
| 008 | 210128s2006 sp 000 s spa d | ||
| 100 | 1 |
_aGonzález Serrano, U., _d1848-1904 _958968 |
|
| 245 | 1 | 0 |
_aDiscurso leído por Urbano González Serrano : _bel 17 de diciembre de 1881, en el Ateneo de Madrid, al celebrar dicha sociedad la velada en honor del malogrado Sr. Revilla. |
| 600 | 1 | 4 |
_aRevilla, Manuel de la, _d1846-1881 _996432 |
| 610 | 2 | 4 |
_aAteneo de Madrid- _vConferencias- _yS.XIX. _91910 |
| 650 | 4 |
_aNeokantismo. _9227177 |
|
| 773 | 0 |
_tKant en España : el neokantismo en el siglo XIX, _dMadrid : Verbum, [2006], _zISBN 8479623586, _gp. 692-705 _0114574 _w114574 _9118875 |
|
| 942 |
_cANAM _2udc |
||
| 999 |
_c190400 _d190400 |
||